000 00429nam a22001577a 4500
005 20251108171107.0
008 250721s1986 xx 000 0 ara d
082 1 4 _a214.1/محم
100 1 _aهراس، محمد خليل
245 1 0 _aدعوة التوحيد /
264 1 _aبيروت :
_bدار الكتب العربية،
_c1986.
300 _a238ص.
650 1 7 _aالديانات
942 _2ddc
_cBK
999 _c56451
_d56451